Szabálytalan nekrológ. Emléktöredékek Örkényről
Elmentve itt :
| Szerző: | |
|---|---|
| Adatforrás: | Meister |
| Forrásdokumentuma: | Korunk. - 7 sz., 1999, 75-84 p. |
| Nyelv: | magyar |
| Kulcsszavak: | in memoriam irodalmi publicisztika művelődéstörténet sajtó ÖRKÉNY István Szabad Nép Csillag |
| LEADER | 00524nab a2200193 i 4500 | ||
|---|---|---|---|
| 001 | bibPRO00003663 | ||
| 008 | 060524s1999 xx hun | ||
| 040 | |a Sz1 | ||
| 041 | |a hun | ||
| 100 | 1 | |a MÉRAY Tibor | |
| 245 | 1 | 0 | |a Szabálytalan nekrológ. Emléktöredékek Örkényről |c MÉRAY Tibor |
| 695 | |a in memoriam | ||
| 695 | |a irodalmi publicisztika | ||
| 695 | |a művelődéstörténet | ||
| 695 | |a sajtó | ||
| 695 | |a ÖRKÉNY István | ||
| 695 | |a Szabad Nép | ||
| 695 | |a Csillag | ||
| 773 | 0 | |t Korunk. - |g 7 sz., 1999, 75-84 p. | |